00688nam a22001817a 4500003000900000008004100009040007100050082001500121100002700136245009200163260004200255300002500297505011400322650002000436650002300456650000900479650001800488AR-CdUCM190226b ||||| |||| 00| 0 spa d aMUNICIPALIDAD PROVINCIAL DEL CUSCOcBIBLIOTECA MUNICIPAL DEL CUSCO a870 /bC65 aCisneros Barrios, Luis aCon las Ilusiones Fuera de Foco :bCuentos Andinos del Perú /cCisneros Barrios, Luis aLima :bTGS Industria Grafica,c1999. a125 paginas ;c25cm. aGregorio Pica -- Asi era ella -- Un Padre mentiroso -- El padre Jazmin Ureta -- Hasta esa suerte ah tenido... aCuentos Andinos aLiteratura Peruana aPeru aRegionalistas